<?xml version="1.0" encoding="UTF-8"?>
<record
    xmlns:xsi="http://www.w3.org/2001/XMLSchema-instance"
    xsi:schemaLocation="http://www.loc.gov/MARC21/slim http://www.loc.gov/standards/marcxml/schema/MARC21slim.xsd"
    xmlns="http://www.loc.gov/MARC21/slim">

  <leader>00750nam a2200181 i 4500</leader>
  <controlfield tag="001">79160</controlfield>
  <controlfield tag="003">ES-MaACL</controlfield>
  <controlfield tag="005">20231229063020.0</controlfield>
  <controlfield tag="007">t|</controlfield>
  <controlfield tag="008">041020s1973    sp           |||| |cspa d</controlfield>
  <datafield tag="100" ind1="1" ind2=" ">
    <subfield code="a">Hern&#xE1;ndez Gil, Antonio,</subfield>
    <subfield code="d">1915-1994</subfield>
    <subfield code="9">62943</subfield>
  </datafield>
  <datafield tag="245" ind1="1" ind2="0">
    <subfield code="a">Juristas espa&#xF1;oles de nuestro tiempo: Felipe Clemente de Diego, Ignacio de Casso Romero, Manuel de la Plaza Navarro, Nicol&#xE1;s P&#xE9;rez Serrano, Jos&#xE9; Cast&#xE1;n Tobe&#xF1;as </subfield>
    <subfield code="b">: con un estudio previo sobre la situaci&#xF3;n cient&#xED;fica y cultural del Derecho / </subfield>
    <subfield code="c">Antonio Hern&#xE1;ndez Gil.</subfield>
  </datafield>
  <datafield tag="260" ind1=" " ind2=" ">
    <subfield code="a">[Madrid] : </subfield>
    <subfield code="b">Sala, </subfield>
    <subfield code="c">[1973]</subfield>
  </datafield>
  <datafield tag="300" ind1=" " ind2=" ">
    <subfield code="a">109 p. ; </subfield>
    <subfield code="c">24 cm.</subfield>
  </datafield>
  <datafield tag="650" ind1=" " ind2=" ">
    <subfield code="a">Abogados-</subfield>
    <subfield code="z">Espa&#xF1;a-</subfield>
    <subfield code="x">Biograf&#xED;as.</subfield>
    <subfield code="9">9566</subfield>
  </datafield>
  <datafield tag="852" ind1=" " ind2=" ">
    <subfield code="a">ES-MaACL</subfield>
    <subfield code="j">C-49254</subfield>
  </datafield>
  <datafield tag="999" ind1=" " ind2=" ">
    <subfield code="c">79160</subfield>
    <subfield code="d">79160</subfield>
  </datafield>
  <datafield tag="952" ind1=" " ind2=" ">
    <subfield code="0">0</subfield>
    <subfield code="1">0</subfield>
    <subfield code="4">0</subfield>
    <subfield code="7">0</subfield>
    <subfield code="a">ATENEOM</subfield>
    <subfield code="b">ATENEOM</subfield>
    <subfield code="c">DEPO2</subfield>
    <subfield code="d">2008-01-17</subfield>
    <subfield code="e">SC</subfield>
    <subfield code="l">0</subfield>
    <subfield code="o">C-49254</subfield>
    <subfield code="p">1082785</subfield>
    <subfield code="r">2023-02-23 00:00:00</subfield>
    <subfield code="w">2023-02-23</subfield>
    <subfield code="y">MONOGRAFIA</subfield>
  </datafield>
</record>
